Name the Water Bottle - Statistics

General Stats
  • This quiz has been taken 51 times
  • The average score is 5 of 16
Answer Stats
Picture Answer % Correct
stanley
98%
hydroflask
91%
gatorade
75%
owala
75%
yeti
50%
cirkul
41%
plastic
18%
nalgene
14%
camelbak
11%
swell
11%
contigo
7%
brita
5%
simple modern
5%
tal
2%
zak
2%
puriyou
0%
No matching quizzes found
Score Distribution
Percent of People with Each Score
Percentile by Number Answered
Your Score History
You have not taken this quiz